<?xml version="1.0" encoding="UTF-8"?>
<marc:record xmlns:marc="http://www.loc.gov/MARC21/slim">
   <marc:leader>00000nam a2200000 a 4500</marc:leader>
   <marc:datafield ind1="1" ind2=" " tag="100">
      <marc:subfield code="a">Picoult, Jodi</marc:subfield>
      <marc:subfield code="4">aut</marc:subfield>
      <marc:subfield code="e">Verfasser/-in</marc:subfield>
   </marc:datafield>
   <marc:datafield ind1="0" ind2="0" tag="245">
      <marc:subfield code="a">Bis ans Ende der Geschichte</marc:subfield>
   </marc:datafield>
   <marc:datafield ind1=" " ind2="1" tag="264">
      <marc:subfield code="b">Bertelsmann Verlag</marc:subfield>
      <marc:subfield code="c">2015</marc:subfield>
   </marc:datafield>
   <marc:datafield ind1="1" ind2=" " tag="520">
      <marc:subfield code="a">Sage Singer ist eine junge, leidenschaftliche Bäckerin. Als sie den allseits beliebten, pensionierten Lehrer Josef Weber kennenlernt, entwickelt sich trotz des großen Altersunterschiedes schnell eine enge Freundschaft zwischen ihnen. Doch dann offenbart Josef ihr ein lange vergrabenes, entsetzliches Geheimnis. Das stürzt SAge in einen großen Gewissenskonflikt ...</marc:subfield>
   </marc:datafield>
   <marc:datafield ind1=" " ind2=" " tag="020">
      <marc:subfield code="a">9783570102176</marc:subfield>
      <marc:subfield code="9">9783570102176</marc:subfield>
   </marc:datafield>
</marc:record>
